000 00295nam a2200133Ia 4500
008 230312s9999||||xx |||||||||||||| ||und||
082 _a891.4
_bYOU-T
100 _aYounas, Dr. Muhammad
245 0 _aToo Too Maa Maa
260 _bSangeMeel
300 _a98
650 _aLiterature
942 _cBK
999 _c8694
_d8694